000 02049cam a22003735i 4500
999 _c27808
_d27779
001 011945149
003 EG-ScBUE
005 20191204121434.0
008 991025r20141999enk f b 001 0 eng d
020 _a9780194421546 (pbk)
040 _aStDuBDS
_beng
_erda
_dUk
_cDLC
_dEG-ScBUE
082 0 4 _a418
_bCAN
_222
100 1 _aCanagarajah, A. Suresh,
_eauthor.
245 1 0 _aResisting linguistic imperialism in English teaching /
_cA. Suresh Canagarajah.
250 _aReprinted edition.
264 1 _aOxford ;
_aNew York :
_bOxford University Press,
_c2014.
300 _aviii, 216 pages ;
_c24 cm.
336 _atext
_btxt
_2rdacontent
337 _aunmediated
_bn
_2rdamedia
338 _avolume
_bnc
_2rdacarrier
490 0 _aOxford applied linguistics
504 _aIncludes bibliographical references and index.
520 _a"This book describes the creative strategies employed by teachers and students in periphery communities to use the English language in a manner that suits their needs and aspirations while subtly resisting the linguistic imperialism that many scholars have identified as the consequence of the global ELT enterprise. After developing trends and ideas from these oppositional strategies, the book goes on to outline elements of critical pedagogy suitable for English Language Teaching in formerly colonized communities."
650 7 _aEnglish language
_xStudy and teaching.
_xForeign speakers.
_2BUEsh
650 7 _aEnglish language
_xStudy and teaching
_zDeveloping countries.
_2BUEsh
650 7 _aEnglish language
_xStudy and teaching
_xSocial aspects
_zForeign countries.
_2BUEsh
650 7 _aEnglish language
_xStudy and teaching
_xSocial aspects
_zDeveloping countries.
_2BUEsh
650 7 _aEnglish language
_xStudy and teaching
_xPolitical aspects
_zForeign countries.
_2BUEsh
650 7 _aEnglish language
_xStudy and teaching
_xPolitical aspects
_zDeveloping countries.
_2BUEsh
650 7 _aApplied linguistics.
_2BUEsh
_95726
653 _bHHUUEENN
_cNovember2019
655 _vReading book
942 _2ddc
_cBB